SUCCESSFUL PRODUCT DESIGN, WHAT TO DO AND WHEN (Record no. 575136)

000 -LEADER
fixed length control field 00366nam a22001337a 4500
020 ## - INTERNATIONAL STANDARD BOOK NUMBER
International Standard Book Number 0-408-03861-6
082 ## - DEWEY DECIMAL CLASSIFICATION NUMBER
Classification number 658.5752 HOL'S
100 ## - MAIN ENTRY--PERSONAL NAME
Personal name PUGH, STUART, HOLLINS, BILL
9 (RLIN) 67328
245 ## - TITLE STATEMENT
Title SUCCESSFUL PRODUCT DESIGN, WHAT TO DO AND WHEN
260 ## - PUBLICATION, DISTRIBUTION, ETC.
Place of publication, distribution, etc. LONDON
Name of publisher, distributor, etc. BUTTERWORTH
Date of publication, distribution, etc. 1990
300 ## - PHYSICAL DESCRIPTION
Extent 167P
650 ## - SUBJECT ADDED ENTRY--TOPICAL TERM
Topical term or geographic name entry element DESIGN INDUSTRIAL MANAGEMENT
9 (RLIN) 67329
942 ## - ADDED ENTRY ELEMENTS (KOHA)
Koha item type Book
Holdings
Withdrawn status Lost status Source of classification or shelving scheme Damaged status Not for loan Permanent Location Current Location Shelving location Date acquired Full call number Barcode Date last seen Price effective from Koha item type Public note Total Checkouts
          College of Electrical & Mechanical Engineering (CEME) College of Electrical & Mechanical Engineering (CEME) General Stacks 08/01/2017 658.5752 HOL'S CEME-27561 06/28/2021 06/28/2021 Book 1.6  
          College of Electrical & Mechanical Engineering (CEME) College of Electrical & Mechanical Engineering (CEME) General Stacks 01/22/2026 658.5752 HOL'S CEME-27735 01/22/2026 01/22/2026 Book 1.6  
© 2023 Central Library, National University of Sciences and Technology. All Rights Reserved.